[Event "IND-ch U11"]
[Site "Odisha"]
[Date "2014.07.26"]
[Round "4"]
[White "Aditya, Basu"]
[Black "Jeswani, Saransh"]
[Result "1-0"]
[WhiteElo "1783"]
[BlackElo "1352"]
[PlyCount "39"]
[EventDate "2014.07.24"]
[EventType "swiss"]
[EventRounds "11"]
[EventCountry "IND"]
[SourceTitle "CBM 161 Extra"]
[Source "ChessBase"]
[SourceDate "2014.08.29"]
[SourceVersion "1"]
[SourceVersionDate "2014.08.29"]
[SourceQuality "1"]

1. e4 c5 2. Nf3 e6 3. d4 cxd4 4. Nxd4 a6 5. Nc3 Qc7 6. Be2 b5 7. 0-0 Bb7 8. Bf3 d6 9. a3 Nf6 10. Bg5 Be7 11. Bxf6 Bxf6 12. Ndxb5 Qb6 13. Nxd6+ Ke7 14. Nxb7 Bxc3 15. bxc3 Qxb7 16. e5 Qb5 17. Qd6+ Ke8 18. Bxa8 Qd7 19. Qxb8+ Ke7 20. Qxh8 1-0